Guias raras y completas de territorios y habitantes de España: Sepulveda, El Duratón y Pedraza
Salvato in:
| Natura: | Libro |
|---|---|
| Lingua: | spagnolo |
| Pubblicazione: |
Madrid
Secretaría General de Turismo
1984
|
| Soggetti: | |
| Tags: |
Aggiungi Tag
Nessun Tag, puoi essere il primo ad aggiungerne!!
|
MARC
| LEADER | 00000nam a2200000 a 4500 | ||
|---|---|---|---|
| 001 | UCY2229 | ||
| 003 | CL-VaPUC | ||
| 008 | 941017e19840000SP |||||||||||||||||spa|d | ||
| 082 | 0 | 4 | |a 946.19 |b GUI |2 21 |
| 245 | 1 | 0 | |a Guias raras y completas de territorios y habitantes de España: Sepulveda, El Duratón y Pedraza |
| 300 | |a 172 p | ||
| 942 | |c BK | ||
| 945 | |d 19941017 00:00:00 |a mfernand | ||
| 260 | |a Madrid |b Secretaría General de Turismo |c 1984 | ||
| 650 | 0 | |a Españoles |9 266190 | |
| 650 | 0 | |a Descripciones y viajes |9 262159 | |
| 651 | 0 | |a España |9 254926 | |
| 583 | |a last modification |c 19941017 00:00:00 |k Rodrigo Vera | ||
| 999 | |c 230694 |d 230692 | ||
| 952 | |0 0 |1 0 |2 ddc |4 0 |6 946_190000000000000_GUI_1984 |7 0 |8 A |9 233169 |a BIBART |b BIBART |d 2019-11-15 |i 3025020 |o 946.19 GUI 1984 |p 3025020 |r 2023-01-11 |w 2019-11-15 |y BK |k ART | ||